000 00414nam a2200169Ia 4500
008 260407s2023 xx 000 0 und d
041 _aeng
082 _a615/YAD
_b12061
100 _aDR. ADHIKRAO YADAV
245 _aPHARMACY PRACTICE
250 _a3RD
260 _aPUNE
_bNIRALI PRAKASHAN
_c2023
300 _a12.58p
650 _aPHARMACEUTICS
650 _aPHARMACY PRACTICE
700 _aASHWINI DUBAL
999 _c1219553
_d1219553